An Introduction to Quantum Field Theory / (Record no. 15473)
[ view plain ]
| 000 -LEADER | |
|---|---|
| fixed length control field | 01450cam a2200361 a 4500 |
| 001 - CONTROL NUMBER | |
| control field | 3872172 |
| 005 - DATE AND TIME OF LATEST TRANSACTION | |
| control field | 20240818092941.0 |
| 008 - FIXED-LENGTH DATA ELEMENTS--GENERAL INFORMATION | |
| fixed length control field | 890831s1995 maua b 001 0 eng |
| 010 ## - | |
| -- | 89027170 |
| 020 ## - INTERNATIONAL STANDARD BOOK NUMBER | |
| International Standard Book Number | 0201503972 |
| 020 ## - INTERNATIONAL STANDARD BOOK NUMBER | |
| International Standard Book Number | 9780201503975 |
| 040 ## - CATALOGING SOURCE | |
| Original cataloging agency | DLC |
| Transcribing agency | DLC |
| Modifying agency | DLC |
| 050 00 - LIBRARY OF CONGRESS CALL NUMBER | |
| Classification number | QC174.45 |
| Item number | .P465 1995 |
| 082 00 - DEWEY DECIMAL CLASSIFICATION NUMBER | |
| Classification number | 530.143 |
| Edition number | 22 |
| Item number | PES |
| 100 1# - MAIN ENTRY--PERSONAL NAME | |
| Personal name | Peskin, Michael Edward, |
| Dates associated with a name | 1951- |
| 9 (RLIN) | 24447 |
| 245 13 - TITLE STATEMENT | |
| Title | An Introduction to Quantum Field Theory / |
| Statement of responsibility, etc | Michael E. Peskin, Daniel V. Schroeder. |
| 260 ## - | |
| -- | Reading, Mass. : |
| -- | Addison-Wesley Pub. Co., 1995 |
| -- | c1995. |
| 300 ## - PHYSICAL DESCRIPTION | |
| Extent | xxii, 842 p. : |
| Other physical details | ill. ; |
| Dimensions | 24 cm. |
| 336 ## - CONTENT TYPE | |
| Source | rdacontent |
| Content type term | text |
| Content type code | txt |
| 337 ## - MEDIA TYPE | |
| Media type term | unmediated |
| Source | rdamedia |
| Media type code | n |
| 338 ## - CARRIER TYPE | |
| Carrier type term | volume |
| Carrier type code | nc |
| Source | rdacarrier |
| 504 ## - BIBLIOGRAPHY, ETC. NOTE | |
| Bibliography, etc | Includes bibliographical references (p. 811-815) and index. |
| 650 #0 - SUBJECT ADDED ENTRY--TOPICAL TERM | |
| Topical term or geographic name as entry element | Quantum field theory. |
| 9 (RLIN) | 24448 |
| 650 #0 - SUBJECT ADDED ENTRY--TOPICAL TERM | |
| Topical term or geographic name as entry element | Feynman diagrams. |
| 9 (RLIN) | 24449 |
| 650 #0 - SUBJECT ADDED ENTRY--TOPICAL TERM | |
| Topical term or geographic name as entry element | Renormalization (Physics) |
| 9 (RLIN) | 24450 |
| 650 #0 - SUBJECT ADDED ENTRY--TOPICAL TERM | |
| Topical term or geographic name as entry element | Gauge fields (Physics) |
| 9 (RLIN) | 24451 |
| 653 ## - INDEX TERM--UNCONTROLLED | |
| Resource For college | |
| Arrived date list | May2011 |
| 700 1# - ADDED ENTRY--PERSONAL NAME | |
| Personal name | Schroeder, Daniel V. |
| 9 (RLIN) | 24452 |
| 856 42 - ELECTRONIC LOCATION AND ACCESS | |
| Materials specified | Contributor biographical information |
| Uniform Resource Identifier | <a href="http://www.loc.gov/catdir/enhancements/fy0831/89027170-b.html">http://www.loc.gov/catdir/enhancements/fy0831/89027170-b.html</a> |
| 856 42 - ELECTRONIC LOCATION AND ACCESS | |
| Materials specified | Publisher description |
| Uniform Resource Identifier | <a href="http://www.loc.gov/catdir/enhancements/fy0831/89027170-d.html">http://www.loc.gov/catdir/enhancements/fy0831/89027170-d.html</a> |
| 942 ## - ADDED ENTRY ELEMENTS (KOHA) | |
| Source of classification or shelving scheme | Dewey Decimal Classification |
| Koha item type | Book - Borrowing |
| Classification part | RDA-MOD |
| Withdrawn status | Lost status | Source of classification or shelving scheme | Damaged status | Not for loan | Collection code | Home library | Current library | Shelving location | Date acquired | Source of acquisition | Cost, normal purchase price | Serial Enumeration / chronology | Total Checkouts | Total Renewals | Full call number | Barcode | Checked out | Date last seen | Date checked out | Price effective from | Koha item type |
|---|---|---|---|---|---|---|---|---|---|---|---|---|---|---|---|---|---|---|---|---|---|
| Dewey Decimal Classification | Baccah | Central Library | Central Library | First floor | 30/05/2011 | 465.00 | 12334 | 3 | 35 | 530.143 PES | 000023799 | 16/03/2020 | 16/10/2016 | 16/10/2016 | 30/05/2011 | Book - Borrowing |